| 000 | 00883nam a2200301 4500 | ||
|---|---|---|---|
| 999 |
_c200452361 _d70573 |
||
| 001 | 200452361 | ||
| 003 | TR-AnTOB | ||
| 005 | 20230301160623.0 | ||
| 007 | ta | ||
| 008 | 230301s2020 tu a|||j |||| 00| j tur d | ||
| 020 | _a9789754990904 | ||
| 040 |
_aTR-AnTOB _beng _erda _cTR-AnTOB |
||
| 041 | 0 | _atur | |
| 092 |
_a398.27 _bÖĞMb 2020 |
||
| 100 | 1 |
_aÖğmel, Ümit. _eauthor _eillustrator |
|
| 245 | 1 | 0 |
_aBen bir çizgiyim / _cYazan ve Resimleyen: Ümit Öğmel. |
| 250 | _a8. baskı | ||
| 260 |
_aAnkara : _bKök Yayıncılık, _c2020. |
||
| 300 |
_a32 pages : _billustrations ; _c21 cm. |
||
| 336 |
_2rdacontent _atext _btxt |
||
| 337 |
_2rdamedia _aunmediated _bn |
||
| 338 |
_2rdacarrier _avolume _bnc |
||
| 490 | 0 | _aÖykü Dizisi. | |
| 653 |
_aÇocuk edebiyatı _aSorular _aYazı _aÇizim |
||
| 942 |
_2ddc _cBK |
||